25 grootste steden van Nederland en België - Statistieken

Algemene statistieken
  • Deze quiz is 55 keer genomen
  • De gemiddelde score is 18 van 25
Antwoorden op de kaart
Antwoorden kleurgecodeerd door een groen-rode schaal op de quizkaart volgens % correct hieronder.
 
Antwoordstatistieken
Land Stad Bevolking % Correct
Nederland Amsterdam 1,1 milioen
100%
België Antwerpen 990k
100%
België Brussel 2 milioen
100%
Nederland Rotterdam 870k
98%
België Gent 430k
94%
Nederland Eindhoven 320k
92%
België Liège / Luik 550k
90%
Nederland Den Haag 850k
83%
Nederland Groningen 220k
83%
België Leuven / Louvain 170k
83%
België Kortrijk / Courtrai 220k
81%
België Charleroi 360k
79%
België Hasselt 170k
79%
Nederland Utrecht 400k
77%
België Mons / Bergen 210k
73%
Nederland Breda 155k
69%
Nederland Almere 190k
58%
Nederland Nijmegen 160k
56%
Nederland Tilburg 220k
56%
Nederland Haarlem 210k
50%
Nederland 's-Hertogenbosch 165k
50%
Nederland Dordrecht 220k
44%
Nederland Amersfoort 155k
42%
Nederland Leiden 270k
42%
Nederland Heerlen 170k
38%
Geen overeenkomende quizzen gevonden
Scoreverdeling
Procent van Mensen met Elke Score
Percentiel versus Aantal Correcte Antwoorden
Uw Scoregeschiedenis
U heeft deze quiz nog niet genomen